Comentario interdisciplinar a la "Evangelium vitae" / (Record n. 7207)

Dettagli MARC
000 -LEADER
fixed length control field 01132nam a2200277 i 4500
003 - CONTROL NUMBER IDENTIFIER
control field IT-RoINE
005 - DATE AND TIME OF LATEST TRANSACTION
control field 20160929095624.0
008 - FIXED-LENGTH DATA ELEMENTS--GENERAL INFORMATION
fixed length control field 961112s1996 sp |r ||1 ||spa d
020 ## - INTERNATIONAL STANDARD BOOK NUMBER
International Standard Book Number 8479142251
040 ## - CATALOGING SOURCE
Original cataloging agency SpMaBN
Language of cataloging spa
Transcribing agency SpMaBN IT-RoINE
Description conventions rdc
Modifying agency IT-RoINE
041 1# - LANGUAGE CODE
Language code of text/sound track or separate title spa
-- lat
Language code of original and/or intermediate translations of text lat
245 1# - TITLE STATEMENT
Title Comentario interdisciplinar a la "Evangelium vitae" /
Statement of responsibility, etc obra dirigida por Ramón Lucas Lucas ; presentación de Juan de Dios Vial Correa ; conclusión de Elio Sgreccia.
260 ## - PUBLICATION, DISTRIBUTION, ETC. (IMPRINT)
Place of publication, distribution, etc Madrid :
Name of publisher, distributor, etc Biblioteca de Autores Cristianos,
Date of publication, distribution, etc 1996.
300 ## - PHYSICAL DESCRIPTION
Extent XXX, 811 p. ;
Dimensions 20 cm.
336 ## - CONTENT TYPE
Source rdacontent
Content type term text
337 ## - MEDIA TYPE
Source rdamedia
Media type term unmediated
338 ## - CARRIER TYPE
Source rdacarrier
Carrier type term volume
490 10 - SERIES STATEMENT
Series statement Biblioteca de autores cristianos ;
Volume number/sequential designation 561
500 ## - GENERAL NOTE
General note Incluye índices.
546 ## - LANGUAGE NOTE
Language note Texto en español y latín.
610 24 - SUBJECT ADDED ENTRY--CORPORATE NAME
9 (RLIN) 15443
Corporate name or jurisdiction name as entry element Iglesia Católica.
Subordinate unit Papa (1978-2005: Juan Pablo II).
Title of a work Evangelium vitae
700 1# - ADDED ENTRY--PERSONAL NAME
Personal name Lucas Lucas, Ramón,
Dates associated with a name 1955-
9 (RLIN) 15444
710 22 - ADDED ENTRY--CORPORATE NAME
9 (RLIN) 15445
Corporate name or jurisdiction name as entry element Iglesia Católica.
Subordinate unit Papa (1978-2005: Juan Pablo II).
Title of a work Evangelium vitae.
Language of a work Español-Latín
830 #0 - SERIES ADDED ENTRY--UNIFORM TITLE
9 (RLIN) 843
Uniform title Biblioteca de Autores Cristianos
942 ## - ADDED ENTRY ELEMENTS (KOHA)
Item type Monografías
Dati di copia
Withdrawn status Lost status Damaged status Not for loan Home library Current library Date acquired Total Checkouts Full call number Barcode Date last seen Price effective from Koha item type
        Iglesia Nacional Española en Roma Iglesia Nacional Española en Roma 10/12/2014   COL.A 16.561 9269 13/01/2015 10/12/2014 Monografías